Wszyscy strzelcy bramek PKO BP Ekstraklasa w Sezonie 25/26 - Statystyki

Ogólne statystyki
  • Ten quiz został rozwiązany 109 razy
  • Średni wynik to 47 z 173
Statystyki odpowiedzi
Hint2 Odpowiedź % Poprawnych
9 Mikael Ishak
80%
8 Jesus Imaz
71%
6 Afimico Pululu
68%
9 Tomas Bobcek
68%
3 Mileta Rajovic
64%
4 Bartosz Nowak
63%
6 Kamil Grosicki
63%
1 Wiktor Nowak
63%
6 Jonatan Brunes
61%
7 Ousmane Sow
59%
8 Karol Czubak
58%
7 Sebastian Bergier
58%
1 Bartosz Kapustka
56%
3 Oskar Pietuszewski
56%
3 Sebastian Kerk
54%
2 Joel Pereira
53%
4 Luis Palma
51%
1 Jean-Pierre Nsame
49%
2 Paweł Wszołek
49%
5 Eduardo David Espiau Hernandez
47%
7 Filip Stojilkovic
47%
6 Dawid Błanik
46%
7 Łukasz Sekulski
46%
3 Camilo Mena
44%
2 Ivi Lopez
44%
1 Juergen Elitim
44%
6 Sondre Liseth
44%
2 Adam Zrelak
42%
1 Bartosz Wolski
42%
1 | 6 Leonardo Rocha
42%
2 Pablo Rodriguez
42%
1 Rafał Wolski
42%
1 Wojciech Urbański
42%
3 Ajdin Hasic
41%
1 Filip Jagiełło
41%
4 Krzysztof Kubica
41%
6 Jan Grzesik
39%
4 Juljan Shehu
39%
2 Marcel Reguła
39%
2 Morgan Fassbender
39%
3 Patrik Hellebrand
39%
2 Wiktor Długosz
39%
4 Capita
37%
2 Erik Janza
37%
2 Ermal Krasniqi
37%
1 Patryk Makuch
37%
3 Rajmund Molnar
37%
1 Sam Greenwood
37%
5 Fran Alvarez
36%
2 Kacper Sezonienko
36%
4 Lamine Diaby-Fadiga
36%
2 Marcin Kamiński
36%
2 Oskar Repka
36%
1 Tomasz Pieńko
36%
1 Yannick Agnero
36%
2 Bryan Fiabema
34%
3 Jesus Jimenez
34%
1 Jorge Jimenez
34%
2 Kamil Jakubczyk
34%
2 Maksym Khlan
34%
1 Mateusz Skrzypczak
34%
2 Patryk Dziczek
34%
1 Kamil Zapolnik
32%
4 Lukas Klemenz
32%
1 Rafał Kurzawa
32%
1 Alejandro Pozo
31%
1 Artur Jędrzejczyk
31%
4 Ivan Zhelizko
31%
2 Jarosław Kubicki
31%
5 Maurides
31%
1 Michael Ameyaw
31%
2 Arkadiusz Jędrych
29%
3 Dimitris Rallis
29%
2 Ilya Shkurin
29%
3 Leo Bengtsson
29%
1 Musa Juwara
29%
1 Rafał Janicki
29%
3 Sergio Lozano
29%
1 Taras Romanczuk
29%
1 Adriano
27%
3 Antonin
27%
1 Bartłomiej Pawłowski
27%
1 Borja Galan
27%
2 Mbaye Ndiaye
27%
1 Mor Ndiaye
27%
2 Otar Kakabadze
27%
1 Rifet Kapić
27%
2 Adrian Przyborek
25%
2 Andrzej Trubeha
25%
1 Damian Szymański
25%
3 Fabio Ronaldo
25%
1 Maciej Ambrosiewicz
25%
2 Marcin Wasielewski
25%
2 Martin Remacle
25%
3 Paul Mukairu
25%
1 Angel Baena
24%
2 Marian Huja
24%
3 Efthymios Koulouris
22%
2 Fredrik Ulvestad
22%
1 Luka Zahovic
22%
1 Ryoya Morishita
22%
1 Youssuf Sylla
22%
1 Dawid Drachal
20%
5 Erik Jirka
20%
1 Marko Bulat
20%
1 Mateusz Praszelik
20%
1 Petar Stojanovic
20%
1 Dawid Abramowicz
19%
1 Dawid Kocyła
19%
5 Michalis Kosidis
19%
1 Nazariy Rusyn
19%
1 Peter Barath
19%
1 Samuel Akere
19%
2 Bogdan Viunnyk
17%
3 Mauro Perkovic
17%
1 Andrias Edmundsson
15%
1 Dimitrios Keramitsis
15%
3 German Barkovskiy
15%
2 Iban Salvador
15%
2 Ivo Rodrigues
15%
1 Kajetan Szmyt
15%
2 Konrad Matuszewski
15%
3 Martin Minchev
15%
2 Roberto Alves
15%
4 Adam Radwański
14%
2 Dani Pacheco
14%
2 Dawid Kurminowski
14%
1 Kamil Lukoszek
14%
3 Konstantinos Sotiriou
14%
1 Michał Król
14%
1 Stjepan Davidovic
14%
1 Vahan Bichakhchyan
14%
1 Adrian Dalmau
12%
1 Adrian Dieguez
12%
2 Damian Hilbrycht
12%
3 Elves Balde
12%
1 Lindon Selahi
12%
1 Deni Juric
10%
1 Matus Vojtko
10%
2 Michał Nalepa
10%
1 Migouel Alfarela
10%
1 Zie Ouattara
10%
1 Aleks Ławniczak
8%
1 Depu
8%
2 Eman Markovic
8%
1 Kahveh Zahiroleslam
8%
1 Abdoul Tapsoba
7%
1 Arkadiusz Kasperkiewicz
7%
1 Bartłomiej Kłudka
7%
1 Bartłomiej Smolarczyk
7%
1 Danijel Loncar
7%
1 Steve Kingue
7%
1 Aleksandar Cirkovic
5%
1 Gustav Henriksson
5%
1 Igor Drapiński
5%
1 Igor Strzałek
5%
1 Jakub Łabojko
5%
2 Jakub Sypek
5%
1 Mateusz Dziewiatowski
5%
2 Mathieu Scalet
5%
1 Romario Baro
5%
1 Sebastian Milewski
5%
2 Sergio Guerrero
5%
1 Zan Rogelj
5%
1 Awad Mohamed
3%
2 Filip Kocaba
3%
1 Dion Gallapeni
2%
1 Gisli Thordarson
2%
1 Jeremy Blasco
2%
1 Leandro Sanca
2%
1 Peter Therkildsen
2%
2 Juande Rivas
0%
Nie znaleziono quizów pasujących do podanych kryteriów
Rozkład punktacji
Procent ludzi z każdym wynikiem
Percentyl według liczby udzielonych odpowiedzi
Twoja historia wyników
Nie rozwiązałeś tego quizu